| 000 | 00645nam a22001577a 4500 | ||
|---|---|---|---|
| 020 | _qHard Cover. | ||
| 082 | _a620.005 | ||
| 100 | _aAshfaq Hussain, Syed | ||
| 245 |
_aIMPACT OF EMPLOYEE EMOTION INTELLIGENCE (E1) ON AFFECTIVE COMMITMENT (AC) AND ORGANIZATIONAL CITIZENSHIP BEHAVIOR (OCB) IN PAKISTAN - A MEDIATING ROLE OF EMPLYEE SATISFACTION / _cSyed Ashfaq Hussain |
||
| 260 |
_aISLAMABAD :l _bCEME - NUST, _c2017. |
||
| 300 |
_aXIII, 117 p. : ill. ; _c30cm. |
||
| 650 |
_aEngineering Management-MS-Thesis _916065 |
||
| 700 |
_aDr. Faheem Qaisar Jamal. _929304 |
||
| 942 |
_2ddc _cTHE |
||
| 999 |
_c540467 _d540467 |
||